Thinking and deciding

Αποθηκεύτηκε σε:
Λεπτομέρειες βιβλιογραφικής εγγραφής
Κύριος συγγραφέας: Baron, Jonathan 1944-
Μορφή: Βιβλίο
Γλώσσα:English
Δημοσίευση: Cambridge, UK : New York, NY : Cambridge University Press, c2000
Θέματα:
Ετικέτες: Προσθήκη ετικέτας
Δεν υπάρχουν, Καταχωρήστε ετικέτα πρώτοι!

MARC

LEADER 00000nam a2200000 i 4500
001 1/77176
008 050525s2000 eng d
020 |a 0-521-65972-8 (pbk.) 
035 |l 10078174 
040 |a GR-MY-UA  |b gre  |e aacr 
041 0 |a eng 
082 0 |a 153.42  |2 (22) 
100 1 |a Baron, Jonathan  |d 1944- 
245 1 0 |a Thinking and deciding /  |c Jonathan Baron 
260 |a Cambridge, UK :   |a New York, NY :   |b Cambridge University Press,   |c c2000 
300 |a xiv, 570 σ.;  |b σχ.;  |c 24 εκ. 
504 |a Περιλαμβάνει βιβλιογραφία και ευρετήρια 
650 0 0 |a Thought and thinking. 
650 0 0 |a Decision making. 
852 |a INST  |b CHIOS  |e 20050525  |h 153.42 BAR  |p 005200021831  |q 005200021831  |t BK  |y 0 
901 |a BIBL2-2005-2 
909 |a Χ  |b 113040 
920 |a ΔΙΕΥΡΥΝΣΗ  |b ΕΠΕΑΕΚ-ΤΜΟΔ  |y ΧΙΟΣ  |z 2004-12 
970 |a ΣΑΛΑΜΟΥΡΑ  |b ΜΑΡΙΑ  |z 2005/05/25